Hollywood Actors Trivia - Statistics

General Stats
  • This quiz has been taken 33 times
  • The average score is 27 of 45
Answer Stats
Question Tile Select % Correct
Hollywood actors that are born in 1964 or before. No
100%
Hollywood actors that are born in 1964 or before. Yes
97%
Hollywood actors that are born in 1964 or before. No
93%
Hollywood actors that have 3 or more children (including bonus and adopted children). Yes
86%
Hollywood actors that are born in 1964 or before. No
83%
Hollywood actors that are shorter than 1,75m (~5 feet 9). No
83%
Hollywood actors that still live to this day (12 march 2025). No
83%
Hollywood actors that are born in 1964 or before. Yes
79%
Hollywood actors that are shorter than 1,75m (~5 feet 9). No
79%
Hollywood actors that have 3 or more children (including bonus and adopted children). No
79%
Hollywood actors that still live to this day (12 march 2025). No
79%
Hollywood actors that played in a movie rated 8.6 or higher (according to imdb.com). Yes
79%
Hollywood actors that are shorter than 1,75m (~5 feet 9). Yes
76%
Hollywood actors that are shorter than 1,75m (~5 feet 9). No
76%
Hollywood actors that still live to this day (12 march 2025). Yes
76%
Hollywood actors that still live to this day (12 march 2025). No
72%
Hollywood actors that are born in 1964 or before. No
69%
Hollywood actors that are shorter than 1,75m (~5 feet 9). No
69%
Hollywood actors that still live to this day (12 march 2025). No
69%
Hollywood actors that played in a movie rated 8.6 or higher (according to imdb.com). Yes
69%
Hollywood actors that are born in 1964 or before. No
66%
Hollywood actors that have 3 or more children (including bonus and adopted children). No
66%
Hollywood actors that have 3 or more children (including bonus and adopted children). No
66%
Hollywood actors that played in a movie rated 8.6 or higher (according to imdb.com). Yes
66%
Hollywood actors that have 3 or more children (including bonus and adopted children). No
62%
Hollywood actors that played in a movie rated 8.6 or higher (according to imdb.com). Yes
62%
Hollywood actors that are born in 1964 or before. Yes
59%
Hollywood actors that are born in 1964 or before. Yes
55%
Hollywood actors that are shorter than 1,75m (~5 feet 9). No
55%
Hollywood actors that have 3 or more children (including bonus and adopted children). Yes
55%
Hollywood actors that have 3 or more children (including bonus and adopted children). Yes
52%
Hollywood actors that still live to this day (12 march 2025). Yes
52%
Hollywood actors that played in a movie rated 8.6 or higher (according to imdb.com). Yes
48%
Hollywood actors that are shorter than 1,75m (~5 feet 9). No
45%
Hollywood actors that are shorter than 1,75m (~5 feet 9). No
38%
Hollywood actors that still live to this day (12 march 2025). Yes
38%
Hollywood actors that still live to this day (12 march 2025). Yes
34%
Hollywood actors that still live to this day (12 march 2025). Yes
34%
Hollywood actors that have 3 or more children (including bonus and adopted children). Yes
31%
Hollywood actors that played in a movie rated 8.6 or higher (according to imdb.com). No
31%
Hollywood actors that played in a movie rated 8.6 or higher (according to imdb.com). No
31%
Hollywood actors that played in a movie rated 8.6 or higher (according to imdb.com). Yes
28%
Hollywood actors that are shorter than 1,75m (~5 feet 9). Yes
24%
Hollywood actors that have 3 or more children (including bonus and adopted children). Yes
24%
Hollywood actors that played in a movie rated 8.6 or higher (according to imdb.com). No
24%
No matching quizzes found
Score Distribution
Percent of People with Each Score
Percentile by Number Answered
Your Score History
You have not taken this quiz